Taller didáctico: nivel pre-primario

Gespeichert in:
Bibliographische Detailangaben
1. Verfasser: Pérez Alvarez, Sergio (VerfasserIn)
Format: Buch
Sprache:Spanisch
Veröffentlicht: Buenos Aires Braga 1991
Ausgabe:1a. ed
Schlagworte:
Tags: Tag hinzufügen
Keine Tags, Fügen Sie den ersten Tag hinzu!

MARC

LEADER 00000nam a2200000 a 4500
001 UCK6192
003 CL-VaPUC
008 050909e19910000AG |||||||||||||||||spa|d
020 |a 9509095303 
082 0 4 |a 372.21  |b PER  |2 21 
100 0 |a Pérez Alvarez, Sergio  |e author  |9 495233 
245 1 0 |a Taller didáctico: nivel pre-primario 
250 |a 1a. ed 
300 |a 203 p 
942 |c BK 
945 |d 20050909 00:00:00  |a cmena 
260 |a Buenos Aires  |b Braga  |c 1991 
650 0 |a Educación preescolar  |9 260381 
650 0 |a Métodos de enseñanza  |9 270413 
650 0 |a Planificación del currículo  |9 269599 
650 7 |a MATERIAL Y EQUIPO DIDACTICOS  |2 CL-VaPUC  |9 309109 
583 |a last modification  |c 20050909 00:00:00  |k Rodrigo Vera 
999 |c 314503  |d 314501 
952 |0 0  |1 0  |4 0  |6 372_210000000000000_PER_1991  |7 0  |8 A  |9 386806  |a BIBEDU  |b BIBEDU  |c ES_NOD  |d 2019-11-22  |i 4155572  |o 372.21 PER 1991  |p 4155572  |r 2023-08-09  |w 2019-11-22  |y BK  |k EBA